Statistiken für Bilder nach Buchstabe - U

Klicken Sie hier um das Quiz zu spielen!

Allgemein

  • Dieses Quiz wurde 1,136 mal gespielt
  • Das Durchschnittsergebnis liegt bei 10 aus 16

Antwortstatistiken

Answer % Korrekt
Uhu
95%
Uruguay
94%
UFO
94%
Ukraine
91%
Uranus
90%
Ukulele
90%
Underground
76%
Ulm
72%
Usher
71%
Uluru
53%
Urne
46%
Ugg
46%
Utah
37%
Ulster
26%
Ulna
19%
Udon
17%

Verteilung der Resultate

Perzentil nach korrekt beantworteten Fragen

Anzahl Personen mit jedem Resultat

Ihre Resultats-Entwicklung

Sie haben dieses Quiz noch nicht gespielt